Increase the Entropy of True Random Number Generator / (Record no. 608149)

000 -LEADER
fixed length control field 00599nam a22001457a 4500
040 ## - CATALOGING SOURCE
Transcribing agency MCS (NUST)
082 ## - DEWEY DECIMAL CLASSIFICATION NUMBER
Classification number 005.8,KHA
100 ## - MAIN ENTRY--PERSONAL NAME
Personal name Khan, Qaiser
9 (RLIN) 34942
245 ## - TITLE STATEMENT
Title Increase the Entropy of True Random Number Generator /
Statement of responsibility, etc. Qaiser Khan
260 ## - PUBLICATION, DISTRIBUTION, ETC.
Place of publication, distribution, etc. Rawalpindi
Name of publisher, distributor, etc. MCS (NUST)
Date of publication, distribution, etc. Nov 2016
300 ## - PHYSICAL DESCRIPTION
Extent x, 55 p,
505 ## - FORMATTED CONTENTS NOTE
Formatted contents note Introduction (Page-1), Random Number Generators (Page-5), Analysis of Existing Post-Processing Techniques (Page-19), Proposed Scheme (Page-30), Experimental of Proposed Scheme (Page-40), Conclusion (Page-50).
650 ## - SUBJECT ADDED ENTRY--TOPICAL TERM
Topical term or geographic name entry element PG Thesis
9 (RLIN) 35000
942 ## - ADDED ENTRY ELEMENTS (KOHA)
Source of classification or shelving scheme
Koha item type Thesis
Call number prefix 005.8,KHA
Holdings
Withdrawn status Lost status Source of classification or shelving scheme Damaged status Not for loan Permanent Location Current Location Shelving location Date acquired Total Checkouts Full call number Barcode Date last seen Price effective from Koha item type Public note
          Military College of Signals (MCS) Military College of Signals (MCS) Thesis 02/26/2024   005.8,KHA MCSTIS-407 02/26/2024 02/26/2024 Thesis Only Hard Copy Available
© 2023 Central Library, National University of Sciences and Technology. All Rights Reserved.